Southville International School and Colleges
Your cart is empty.
  • Cart
  • Lists
    Public lists Eva Luna New books Lux_list list_1
    Your lists Log in to create your own lists
  • Log in to your account
  • Your cookies
  • Search history
Southville International School and Colleges
  • Advanced search
  • Recent comments
  • Most popular
  • Libraries

Log in to your account

Log in with GOOGLE


If you do not have an external account, but do have a local account, you can still log in:

  1. Home
  2. MARC view: Skeleton /
Normal view MARC view ISBD view

Skeleton / (Record no. 103453)

[ view plain ]
MARC details
000 -LEADER
fixed length control field 00479nam a2200157 a 4500
005 - DATE AND TIME OF LATEST TRANSACTION
control field 20140412111302.0
008 - FIXED-LENGTH DATA ELEMENTS--GENERAL INFORMATION
fixed length control field 001116s19uu xx 00 eng d
020 ## - INTERNATIONAL STANDARD BOOK NUMBER
International Standard Book Number 0-7214-1742-6
050 ## - LIBRARY OF CONGRESS CALL NUMBER
Classification number M 611
Item number Ha293 19_?
100 ## - MAIN ENTRY--PERSONAL NAME
Personal name Harper D.
245 ## - TITLE STATEMENT
Title Skeleton /
Statement of responsibility, etc written by D. Harper ; illustrated by Studio Boni and L. R. Galante.
260 ## - PUBLICATION, DISTRIBUTION, ETC. (IMPRINT)
Place of publication, distribution, etc Loughborough, Leicestershire, UK :
Name of publisher, distributor, etc Ladybird,
Date of publication, distribution, etc 1995.
300 ## - PHYSICAL DESCRIPTION
Extent 30 p. ; col. ; ill.
650 ## - SUBJECT ADDED ENTRY--TOPICAL TERM
Topical term or geographic name as entry element Skeletons
Holdings
Withdrawn status Lost status Damaged status Home library Current library Shelving location Date acquired Total Checkouts Full call number Barcode Date last seen Price effective from Koha item type
      Elizalde Library Elizalde Library Main Section 11/16/2000   M 611 Ha293 19_? E4868 04/12/2014 04/12/2014 Books

Skeleton /

APA

Harper D, . (1995). Skeleton. Loughborough, Leicestershire, UK: Ladybird.

Chicago

Harper D, . 1995. Skeleton. Loughborough, Leicestershire, UK: Ladybird.

Harvard

Harper D, . (1995). Skeleton. Loughborough, Leicestershire, UK: Ladybird.

MLA

Harper D, . Skeleton. Loughborough, Leicestershire, UK: Ladybird. 1995.

  • Place hold
  • Print
  • Cite
  • Add to your cart (remove)
  • Save record
    BIBTEX Dublin Core MARCXML MARC (non-Unicode/MARC-8) MARC (Unicode/UTF-8) MARC (Unicode/UTF-8, Standard) MODS (XML) RIS
  • More searches
    Search for this title in:
    Other Libraries (WorldCat) Other Databases (Google Scholar) Online Stores (Bookfinder.com) Open Library (openlibrary.org)

Exporting to Dublin Core...

SOUTHVILLE LIBRARY

Southville International School and Colleges Library

1281 Tropical Ave. Cor. Luxembourg St., BF Homes International, Las Pinas City

Tel. No. 8256374 / 252358 Loc. 117/146

Powered by Koha